Historical Atlas of Central Europe
| Titel: | Historical Atlas of Central Europe |
|---|---|
| Verfasser: | |
| Ausgabe: | überarb. u. erw. Aufl. |
| Veröffentlicht: | London [u.a.] : Thames & Hudson [u.a.], 2002 |
| Umfang: | XIV, 274 S. |
| Format: | Buch |
| Sprache: | Englisch |
| RVK-Notation: |
·
·
·
·
|
| ISBN: | 0500283559 ; 0295981466 ; 0295981938 |
alg: 39542255
001A $01999:12-11-16
001B $06055:16-02-26 $t18:14:07.000
001D $01999:12-11-16
001U $0utf8
001X $00
002@ $0Aax
003@ $0395422558
004A $00-500-28355-9
004A $00-295-98146-6
004A $00-295-98193-8
007A $0395422558 $aHEB
007T $0Herd64512
010@ $aeng
011@ $a2002
013D $RBildband $RAtlaskartografie $RKarte $#Atlases $#Atlas $#Atlanti geografici $#Atlas $#atlases $#Atlas $#Atlas $#Weltatlas $#Bildatlas $#Topographischer Atlas $#Topografischer Atlas $#Atlanten $D20251120 $Ecgmnf $74143303-8 $8Atlas [Ts1] $9085561835
021A $aHistorical Atlas of Central Europe
028A $#Magocsi, Paul R. $#Маґочій, Павло-Роберт $#Magocsi, Paul Robert $#Magocsi, Pavel Robert $#Magocsi, Pavol R. $#Magochyi, Pavlo R. $#Magoči, Pavel R. $#Magoči, Pavlo R. $#Maġoči, P. R. $#Maġoči, P.R. $#Maġočij, Pavel R. $#Maġočij, Pavel Robert $#Magočij, Pavlo Robert $#Magočij, Pavlo-Robert $#Magočij, Pol Robert $#Magočij, Pavel Robert $#Magočyj, P.-R. $#Magočyj, Pavlo Robert $#Magočyj, Pavlo R. $#Mahochi, Pavlo Robert $#Mahochi, P. R. $#Mahochi, P.R. $#Mahočij, Pol Robert $D20220215 $Ecgwrk $7124737250 $8Magocsi, Paul R.$Z1945- [Tp1] $9113374275
032@ $aüberarb. u. erw. Aufl.
033A $pLondon {[u.a.] $nThames & Hudson {[u.a.]
034D $aXIV, 274 S.
037A $a1. Auflage unter dem Titel: Historical Atlas of East Central Europe. London 1993
039U $8--Oox--Turan, Ãmer. Magocsi, Paul Robert. Historical Atlas of Central Europe. - London {[u.a.] : Thames & Hudson {[u.a.]. - 2002 [Rezension], 2005 $9394908708
044K $RGeschichtsphilosophie $RVergangenheit $#History $#Histoire $#Storia $#history $#History $#Geschichte $#Landesgeschichte $#Regionalgeschichte $#Ortsgeschichte $#Zeitgeschichte $D20251120 $Ecgmnf $74020517-4 $8Geschichte [Tsz] $9085049352
044K $RAtlas $#Historischer Atlas Geschichtsatlas $D20251120 $Ecgmnf $74323412-4 $8Geschichtsatlas [Ts1] $9086786253
044K $REuropa $ROstblock $ROstmitteleuropa $#Europa, Ost $#Östliches Europa $#Central Europe Osteuropa $D20251120 $Ecgmnf $74075739-0 $8Osteuropa [Tg1] $9085214396
044K $RMitteleuropa $RVisegrád-Staaten $ROsteuropa $#Ostmitteleuropa $#Ostmitteleuropa $#Mitteleuropa, Ost $#Central Europe Ostmitteleuropa $#Mittelosteuropa $D20251120 $Ecgmnf $74075753-5 $8Ostmitteleuropa [Tg1] $9085214485
044K $REuropa $#Mitteleuropa $#Mitteleuropa $#Mitteleuropa $#Zentraleuropa $#Central Europe Mitteleuropa $D20251120 $Ecgmnf $74039677-0 $8Mitteleuropa [Tg1] $9085108464
044K $REuropa $RDonauländer $RBalkanhalbinsel $#Südosteuropa $#Südosteuropa $#Südosteuropa $#Europa, Südost $D20251120 $Ecgmnf $74058449-5 $8Südosteuropa [Tg1] $9085162280
044K $RGeografie $#Historical geography $#Géographie historique $#Geografia storica $#Geografía histórica $#Historische Geographie $#Geschichtsgeographie $#Geschichtsgeografie $D20251120 $Ecgmnf $74025103-2 $8Historische Geografie [Ts1] $9085062359
045Z $D20251120 $Ecgmnf $8NC 7300 [Tkv] $9410855227
045Z $D20251120 $Ecgmnf $8NK 1950 [Tkv] $9410888370
045Z $D20251120 $Ecgmnf $8NK 2420 [Tkv] $9410888451
045Z $D20251120 $Ecgmnf $8RP 80820 [Tkv] $9411751123
045Z $D20251120 $Ecgmnf $8NK 1500 [Tkv] $9410888338
lok: 39542255 78
exp: 39542255 78 1 #EPN
201B/01 $018-11-16 $t14:49:01.000
201U/01 $0utf8
203@/01 $0791940888
208@/01 $a12-11-16 $be
209A/01 $a/ $f000 $x00
220C/01 $aTitelaufnehmer: cs
237A/01 $aweiterführende Signatur(en): L 291,18
244Z/01 $2Trx $#Kesk- ja Ida- Euroopa kontseptsioonid $#Vidurio Europos koncepcijos $#East-Central Europe $#Keletközépeurópa-eszmék $#Europa Środkowo-Wschodnia koncepcje $#Európa stredovýchodná koncepcie $#Evropa střední, východní část koncepce $#Mitteleuropa $#Osteuropakonzeptionen $#Europa Środkowa koncepcje $#Stredná Európa koncepcie $#Střední Europa koncepce $8--Trx--Ostmitteleuropakonzeptionen $x01 $9391364286
244Z/01 $2Trx $#atlased ja gloobused $#atlasai ir gaubliai $#Atlases $#atlaszok és földgömbök $#atlasy $#atlasy a glóbusy $#atlasy a globy $#Globen $#glóbusy $#globy $8--Trx--Atlanten und Globen $x02 $9391358960
244Z/01 $2Trx $#geograafia, ajalooline $#istorinė geografija $#Geography, historical $#földrajz, történeti $#geografia historyczna $#geografia, historická $#geografie historická $8--Trx--Geographie, historische $x03 $9391353489
244Z/01 $2Trx $8--Trx--Monographie $x04 $9391384546
245Z/01 $a01.01 $x01
247C/01 $82080>Marburg/Lahn, Herder-Institut, Forschungsbibliothek, Bibliographieportal $9336309341
| LEADER | 00000cam a22000002c 4500 | ||
|---|---|---|---|
| 001 | 395422558 | ||
| 003 | DE-603 | ||
| 005 | 20260216181407.0 | ||
| 007 | tu | ||
| 008 | 161112s2002 xx |||| | u00||u|eng c | ||
| 020 | |a 0500283559 | ||
| 020 | |a 0295981466 | ||
| 020 | |a 0295981938 | ||
| 035 | |a (DE-599)HEB395422558 | ||
| 040 | |a DE-603 |b ger |c DE-603 |d DE-603 | ||
| 041 | |a eng | ||
| 084 | |a NC 7300 |0 (DE-625)124799: |0 (DE-603)410855227 |2 rvk | ||
| 084 | |a NK 1950 |0 (DE-625)125879: |0 (DE-603)410888370 |2 rvk | ||
| 084 | |a NK 2420 |0 (DE-625)125887: |0 (DE-603)410888451 |2 rvk | ||
| 084 | |a RP 80820 |0 (DE-625)142406:12875 |0 (DE-603)411751123 |2 rvk | ||
| 084 | |a NK 1500 |0 (DE-625)125875: |0 (DE-603)410888338 |2 rvk | ||
| 100 | 1 | |a Magocsi, Paul R. |d 1945- |0 (DE-603)113374275 |0 (DE-588)124737250 |2 gnd | |
| 245 | 0 | 0 | |a Historical Atlas of Central Europe |
| 250 | |a überarb. u. erw. Aufl. | ||
| 264 | 1 | |a London [u.a.] |b Thames & Hudson [u.a.] |c 2002 | |
| 300 | |a XIV, 274 S. | ||
| 500 | |a 1. Auflage unter dem Titel: Historical Atlas of East Central Europe. London 1993 | ||
| 650 | 7 | |a Geschichte |0 (DE-588)4020517-4 |0 (DE-603)085049352 |2 gnd | |
| 650 | 7 | |a Geschichtsatlas |0 (DE-588)4323412-4 |0 (DE-603)086786253 |2 gnd | |
| 650 | 7 | |a Historische Geografie |0 (DE-588)4025103-2 |0 (DE-603)085062359 |2 gnd | |
| 651 | 7 | |a Osteuropa |0 (DE-588)4075739-0 |0 (DE-603)085214396 |2 gnd | |
| 651 | 7 | |a Ostmitteleuropa |0 (DE-588)4075753-5 |0 (DE-603)085214485 |2 gnd | |
| 651 | 7 | |a Mitteleuropa |0 (DE-588)4039677-0 |0 (DE-603)085108464 |2 gnd | |
| 651 | 7 | |a Südosteuropa |0 (DE-588)4058449-5 |0 (DE-603)085162280 |2 gnd | |
| 655 | 7 | |a Atlas |2 gnd-content |0 (DE-588)4143303-8 |0 (DE-603)085561835 | |
| 787 | 0 | 8 | |i Rezensiert in |a Turan, Ãmer |t Magocsi, Paul Robert. Historical Atlas of Central Europe. - London [u.a.] : Thames & Hudson [u.a.]. - 2002 [Rezension] |w (DE-603)394908708 |
| 924 | 0 | |9 2080 |a (DE-603)791940888 |b DE-2080 |c HES |d d |g / | |


